000 00664nam a2200241Ia 4500
003 OSt
005 20221007095154.0
006 a|||||r|||| 00| 0
007 ta
008 221006b |||||||| |||| 00| 0 eng d
020 _a0421278803
024 _a997
037 _cReference Collections
040 _aLCO
_cLCO
_beng
041 _2eng
_aeng
082 _aX:517:(Z2), M0
100 _aCunningham J. P.
_9700890
245 0 _aCometition Act 1980
260 _aLondon
_bSweet & Maxwell India
_c1980
650 _aCOMPETITION ACT
_9700891
942 _hX:517:(Z2), M0
_cREF
999 _c1170560
_d1170560